Preocupante situación política guatemalteca
Guardado en:
| 格式: | Texto |
|---|---|
| 主題: | |
| 標簽: |
添加標簽
沒有標簽, 成為第一個標記此記錄!
|
MARC
| LEADER | 00000 a a2200000 04500 | ||
|---|---|---|---|
| 001 | 5834 | ||
| 003 | |||
| 040 | |||
| 245 | |a Preocupante situación política guatemalteca | ||
| 650 | |a SISTEMAS POLITICOS | ||
| 650 | |a CONFLICTOS SOCIALES | ||
| 650 | |a VIOLENCIA | ||
| 650 | |a GUERRILLA | ||
| 650 | |a CRISIS POLITICA | ||
| 773 | |g volumen 14, número 606; páginas 6-7 | ||
| 999 | |c 33201 |d 33201 | ||
